LEADER 01039nam a2200253 i 4500 001 000000137992 003 CaOOAMICUS 005 20091201000000.0 008 091201s1966 fr u000 u fre u 013 $a111887 040 $aSeMil$bita 100 1 $aGauthier, Paul.$0(OLS)http://semarc/name/20699 245 10$aLettres d'ouvriers aux Évêques /$cPaul Gauthier ; Préface Ch.-M. Himmer. 260 $aParis :$bLes éditions ouvrières,$cCopyr. 1966. 300 $a198 p. ;$c18 cm. 490 0 $aEglise et Monde ouvrier 650 4$aOperai - Chiesa.$0(OLS)http://semarc/subject/27145 700 1 $aHimmer, Ch.-M. .$0(OLS)http://semarc/name/55923 830 0$aEglise et Monde ouvrier.$0(OLS)http://semarc/title/21970 850 $aSeMil 852 $aSeMil$W1$xVenegono$y1$m2F I 410$j91503$B91503$CSeMilBibl$Z2$F115824 $81 961 $aRecupero: Altro 996 $6245$aLettres d'ouvriers aux Évêques$9(OLS)http://semarc/title/201664 996 $6260$aParis :$bLes éditions ouvrières$9(OLS)http://semarc/publisher/30144 LEADER 00681naa a2200157 i 4500 001 000000320162 003 CaOOAMICUS 005 20180831173321.0 008 180831n it u000 u ita u 013 $a30182 040 $aSeMil$bita 245 10$aComunicazione e media. Nuovi linguaggi per la catechesi. 650 4$aMezzi di comunicazione.$0(OLS)http://semarc/subject/6419 650 4$aComunicazione - Aspetti religiosi.$0(OLS)http://semarc/subject/7394 773 0 $tUbi Petrus ibi Ecclesia.$dRoma : LAS, 2007.$kNuova biblioteca di scienze religiose$z88-213-0641-0$gp.345-356$w()132761 996 $6245$aComunicazione e media. Nuovi linguaggi per la catechesi.$9(OLS)http://semarc/title/393858